1040 1907 1996 1699 1727 1086 1751 1146 1444 1742 1993 1522 1543 1606 1566 1013 1338 1686 1191 1082 1294 1166 1341 1217 1195 1052 1555 1345 1252 1475 1036 1425 1407 1708 1496 1517 1959 1836 1997 1085 1012 1379 1714 1665 1676 1785 1627 1086 1321 1634 1585 1608 1834 1844 1496 1022 1067 1075 1126 1747 1881 1515 1742 1542 1396 1880 1326 1524 1931 1992 1297 1935 1415 1144 1752 1345 1423 1139 1462 1227 1858 1840 1595 1345 1732 1952 1350 1392 1898 1307 1429 1281 1512 1016 1102 1833 1351 1143 1035 BCNSPRNW ULIB Ver.6.0+V

เปลี่ยนเป็นภาษาไทย

Change to English
 แสดงรายละเอียดบรรณานุกรม
  กลับหน้าหลัก

Brief Record : Get Marc (ISO 2709) : E-mail record : QR code < ปิดหน้าต่าง
LEADER : 00000nam 2200000uu 4500
001    13399129069
003     ULIB
008    250605s2567||||th 000 0 tha d
020    ^a9786166167054
060    ^aW18^bส215ต
100    ^aสันต์ ใจยอดศิลป์
245    ^aตำราเวชศาสตร์วิถีชีวิต/^cสันต์ ใจยอดศิลป์
250    ^aพิมพ์ครั้งที่ 1
260    ^aกรุงเทพฯ :^bพิมพ์สวย,^c2567
300    ^a394 หน้า
650    ^aสุขภาพ^xไทย
945    ^p650^l0^i30544
945    ^p650^l0^i30545
999    ^aกัณชพร จุลอักษร
รายการนี้ยังไม่มีแท็ก
คุณยังไม่ได้ล็อกอิน คุณสามารถมีกิจกรรมร่วมกับเว็บไซต์ได้ แต่ต้องล็อกอินก่อน ::
  ล็อกอิน

รายการสื่อสารสนเทศ

ลำดับที่ ประเภท เลขเรียก/บาร์โค้ด สถานที่ สถานะ
1. หนังสือสำรอง
หนังสือสำรอง
W18 ส215ต ฉ.1 
  Barcode: 30544
ห้องสมุดวิทยาเขตนครสวรรค์
►หนังสือทั่วไป:l:General Books
บนชั้น
2. วิทยาศาสตร์การแพทย์ และสุขภาพ
วิทยาศาสตร์การแพทย์ และสุขภาพ
W18 ส215ต ฉ.2 
  Barcode: 30545
ห้องสมุดวิทยาเขตนครสวรรค์
►หนังสือทั่วไป:l:General Books
บนชั้น

รายการใกล้เคียง
    ผู้แต่ง [สันต์ ใจยอดศิลป์]

BibComment


ยังไม่เคยถูกคอมเมนท์

คอมเมนท์ทรัพยากรรายการนี้
  คอมเมนท์: ตำราเวชศาสตร์วิถ..


 Copyright 2026. Bcnsprnw @Library